A quiet place /

Bibliographic Details
Main Author: Blue, Rose
Other Authors: Feelings, Tom
Format: Book
Language:English
Published: New York : F. Watts, [1969]

MARC

Tag First Indicator Second Indicator Subfields
LEADER 00000cam a2200000 4500
001 in00000679331
005 20151015170448.0
008 690528s1969 nyua j 00001 eng
010 |a  69011223  
035 |a (OCoLC)00004053 
035 |9 ACZ9628AM 
037 |c 3.50 
040 |a DLC  |c DLC  |d TXA  |d UtOrBLW 
049 |a TXAM  |c [1132734] 
050 0 0 |a PZ7.B6248  |b Qi 
082 0 |a [Fic] 
100 1 |a Blue, Rose. 
245 1 2 |a A quiet place /  |c Pictures by Tom Feelings. 
264 1 |a New York :  |b F. Watts,  |c [1969] 
300 |a 57 pages :  |b illustrations 
336 |a text  |b txt  |2 rdacontent 
337 |a unmediated  |b n  |2 rdamedia 
338 |a volume  |b nc  |2 rdacarrier 
700 1 |a Feelings, Tom. 
999 |a MARS 
999 f f |s dec22357-e0c5-3636-a290-d0573f38850c  |i 77f99a9f-0eec-3c1c-8322-b16cba25fd36  |t 0 
952 f f |p normal  |a Texas A&M University  |b College Station  |c Sterling C. Evans Library  |d Evans: Library Stacks  |t 0  |e PZ7.B6248 Qi  |h Library of Congress classification  |i unmediated -- volume  |m A14804344306 
998 f f |a PZ7.B6248 Qi  |t 0  |l Evans: Library Stacks